00517nam a2200193 a 4500001001300000003000900013005001700022008004100039020002400080082001300104100002000117245003900137260005000176300000900226500003500235650001700270650001600287700002000303nice12345678IN_TiNIC20260116014031.0100111s2009 cama grp 000 0 eng  a9780521608671c160000a301bWIS aWiseman, Broris aCombrige Companion to Levi-Strauss aCambridge bCambridge University Press c2009 a337p aincludes index and biblioraphy aAnthropology aLevi-Strass1 aWiseman, Broris